000 00794nam a2200241Ia 4500
003 GCL
005 20240530095623.0
008 140319s9999 xx 000 0 ara d
020 _a4069829953
040 _aGCL /
_cGCL
082 0 4 _a302.23
_bص ا
100 1 _aصباح ياسين
245 1 0 _aالاعلام :
_bالنسق القيمى وهيمنة القوة /
_cصباح ياسين
250 _aالاولى
260 _aبيروت :
_bمركز دراسات الوحدة العربية ،
_c2006
300 _a172 ص ؛
_c24 شم
650 0 4 _aحرية الراى
650 0 4 _aالاعلام العربى
650 0 4 _aالاعلام - العالم العربى
650 0 4 _aالثقافة والاعلام
650 0 4 _aالاعلام الامريكى
942 _2ddc
_cBK
999 _c8906
_d8906